000 01167nam a2200313 i 4500
001 13578
003 KOSZ 005
005 20211006125748.0
008 071201s1965 pl a f 000 0 pol
015 _aPB 1966/2304
035 _a(OCoLC)804001903
040 _aWA N
_cWA N
_dKOSZ 005/KK
080 _a658.1:338:331.81
100 1 _aNiedzielska, Elżbieta
_d(1934- )
_eAutor
245 1 0 _aEkonomiczne skutki absencji w przedsiębiorstwie :
_bmetodyka szacowania /
_cElżbieta Niedzielska.
260 _aWarszawa :
_bPaństwowe Wydawnictwo Ekonomiczne,
_c1965.
300 _a155, [1] stron :
_bilustracje ;
_c18 cm.
336 _2rdacontent
_aTekst
_btxt
337 _2rdamedia
_aBez urządzenia pośredniczącego
_bn
338 _2rdacarrier
_aWolumin
_bnc
380 _aKsiążki.
504 _aBibliografia na stronach149-154.
658 _aGospodarka, ekonomia, finanse
650 4 _aPrzedsiębiorstwo
650 4 _aAbsencja pracownicza
710 2 _aPaństwowe Wydawnictwo Ekonomiczne
_4pbl.
856 _uhttp://koha.tu.koszalin.pl/cgi-bin/koha/opac-detail.pl?biblionumber=13578
_yKatalog online BPK
942 _2UKD
_cKS
999 _c13578
_d13578